000 00588cab a2200217 4500
001 WB2909-60
008 090401t1993 xxu||||| |||| 00| 0 eng d
035 _a(Sirsi) u63250
041 _aeng
245 _aRail cuts threaten housing market
260 _c1993
350 _a0
490 _aRICS Press Release
_v(PR43/93) 23 February 1993, (2)
520 _aOff peak rail cuts threaten housing market.
650 _aHOUSING MARKET
650 _aOFF PEAK SERVICES
650 _aRAIL PRIVATISATION
690 _aTRANSPORT AND COMMUNICATIONS
942 _n0
948 _c04/03/1997
999 _c39331
_d39331